Programación de la psicomotricidad en la educación especial

Збережено в:
Бібліографічні деталі
Автори: Peiro Subiron, Sara (Автор), Ramos Martín, Carmen (Автор)
Формат: Книга
Мова:Іспанська
Опубліковано: Madrid CEPE 1987
Серія:Colección Educación Especial, 24
Предмети:
Теги: Додати тег
Немає тегів, Будьте першим, хто поставить тег для цього запису!

MARC

LEADER 00000nam a2200000 a 4500
001 UCW3976
003 CL-VaPUC
008 890628e19870000SP |||||||||||||||||spa|d
082 0 4 |a 371.9  |b PEI  |2 21 
100 0 |a Peiro Subiron, Sara  |e author  |9 308437 
700 0 |a Ramos Martín, Carmen  |e author  |9 308438 
245 1 0 |a Programación de la psicomotricidad en la educación especial 
300 |a 166 p 
942 |c BK 
945 |d 19890628 00:00:00 
260 |a Madrid  |b CEPE  |c 1987 
650 0 |a Educación especial  |9 307486 
650 7 |a PSICOMOTRICIDAD  |2 CL-VaPUC  |9 241072 
583 |a last modification  |c 19890628 00:00:00  |k Rodrigo Vera 
490 0 |a Colección Educación Especial, 24 
999 |c 217820  |d 217818 
952 |0 0  |1 0  |4 0  |6 371_900000000000000_PEI_1987  |7 0  |8 P  |9 206351  |a BIBEDU  |b BIBEDU  |c BIBEDU_PB  |d 2019-11-15  |i 2741385  |o 371.9 PEI 1987  |p 2741385  |r 2024-01-25  |w 2019-11-15  |y BK  |k EDU 
952 |0 0  |1 0  |4 0  |6 371_900000000000000_PEI_1987  |7 0  |8 P  |9 206352  |a BIBEDU  |b BIBEDU  |c BIBEDU_PB  |d 2019-11-15  |i 2741393  |o 371.9 PEI 1987  |p 2741393  |r 2024-01-25  |w 2019-11-15  |y BK  |k EDU